Statistics for Oscars 2015

Click here to take the quiz!

General Stats

  • This quiz has been taken 270 times
  • The average score is 9 of 24

Answer Stats

OscarFilm/Person% Correct
Best Motion PictureBirdman
91%
Best Lead ActorEddie Redmayne (The Theory of Everything)
80%
Best Lead ActressJulianne Moore (Still Alice)
64%
Best DirectorAlejandro González Iñárritu (Birdman)
59%
Best Supporting ActorJ.K. Simmons (Whiplash)
58%
Best Writing, Written Directly for ScreenBirdman
48%
Best Supporting ActressPatricia Arquette (Boyhood)
47%
Best CinematographyBirdman
42%
Best Animated FeatureBig Hero 6
37%
Best Costume DesignThe Grand Budapest Hotel
33%
Best Production DesignThe Grand Budapest Hotel
33%
Best Writing, Based on Previously Published MaterialThe Imitation Game
32%
Best Makeup and HairstylingThe Grand Budapest Hotel
31%
Best Original ScoreThe Grand Budapest Hotel
30%
Best EditingWhiplash
29%
Best Sound MixingWhiplash
29%
Best Foreign Language FilmIda
25%
Best Original SongSelma
25%
Best Visual EffectsInterstellar
24%
Best Sound EditingAmerican Sniper
20%
Best Documentary, FeatureCitizenfour
13%
Best Short Film, AnimatedFeast
8%
Best Short Film, Live ActionThe Phone Call
6%
Best Documentary, Short SubjectCrisis Hotline: Veterans Press 1
5%

Score Distribution

Percentile by Number Answered

Percent of People with Each Score

Your Score History

You have not taken this quiz